| 000 | 00668nam a2200217 i 4500 | ||
|---|---|---|---|
| 001 | 12836 | ||
| 003 | ES-MaACL | ||
| 005 | 20230906150422.0 | ||
| 007 | t| | ||
| 008 | 960620s1995 sp ||||0| spa j | ||
| 040 |
_aM-BN _bspa _cM-BN |
||
| 080 | _a860-14"19" | ||
| 100 | 1 |
_aGonzález-Guerrero, Antonio. _958691 |
|
| 245 | 1 | 0 |
_aCarta irlandesa / _cAntonio González-Guerrero. |
| 260 |
_aMálaga : _bA. González-Guerrero, _c1996 ( _eMálaga : _fGrafiper) |
||
| 300 |
_a21 p. : _bil. ; _c25 cm. |
||
| 490 | 1 |
_aAquilea ; _v5 |
|
| 830 | 0 |
_aAquilea ; _v5 _9228342 |
|
| 852 |
_aES-MaACL _j2151-F-16 _bR.124908 _q. - Ded. autógr. del autor |
||
| 999 |
_c12836 _d12836 |
||